[Event "ICS rated standard match"]
[Site "204.178.125.65"]
[Date "2001.10.05"]
[Round "?"]
[White "Hossa"]
[Black "ChesterX"]
[Result "0-1"]
[WhiteElo "2297"]
[BlackElo "2474"]
[PlyCount "157"]
[EventDate "2001.??.??"]

1. d4 f5 2. Nf3 Nf6 3. g3 e6 4. Bg2 Be7 5. O-O O-O 6. c4 d6 7. Nc3 a5 8. Bd2
Bd7 9. Ng5 Qc8 10. Qc2 h6 11. Nf3 Bc6 12. d5 exd5 13. cxd5 Bd7 14. Nd4 Na6 15.
Ne6 Bxe6 16. dxe6 Nc5 17. Be3 Nce4 18. Nb5 c6 19. Nd4 c5 20. Nxf5 Qxe6 21. Bh3
Kh8 22. f3 Ng5 23. Bxg5 hxg5 24. e4 Ng8 25. Rad1 Nh6 26. Rd5 b6 27. Qg2 Nxf5
28. Bxf5 Qh6 29. Rfd1 a4 30. Qe2 Qf6 31. Bg4 Qf7 32. Qf1 Qg6 33. Qb5 Qf7 34.
R1d2 Rfb8 35. Qf1 g6 36. Rd1 Qf6 37. Qb5 Kg8 38. Qd7 Rd8 39. Qc7 b5 40. R5d2 a3
41. b3 b4 42. Qc6 Kg7 43. Rd5 Rf8 44. Qb7 Kh8 45. Rf1 Rad8 46. Rdd1 Qe5 47. Rf2
Qg7 48. Qd5 Bf6 49. Rfd2 Be5 50. Kg2 Rde8 51. Rc2 Qf6 52. Qc4 Rf7 53. Rcd2 Ree7
54. Qe2 Bd4 55. Kh1 d5 56. Qd3 dxe4 57. fxe4 Re8 58. Rc1 Ref8 59. Re2 Qe5 60.
Rec2 Rf2 61. Rd1 Rxc2 62. Qxc2 c4 63. Re1 cxb3 64. Qxb3 Bf2 65. Qxb4 Rb8 66.
Qd2 Rb2 67. Qd8+ Kh7 68. Qd1 Bxe1 69. Qxe1 Rxa2 70. Bd1 Qd4 71. h4 Ra1 72. Kg2
Rxd1 73. Qe2 Rd2 74. Qxd2 Qxd2+ 75. Kh3 a2 76. h5 a1=Q 77. hxg6+ Kxg6 78. Kg4
Qe2+ 79. Kh3 {Hossa resigns} 0-1

[Event "ICS rated standard match"]
[Site "204.178.125.65"]
[Date "2001.10.05"]
[Round "?"]
[White "PostModernist"]
[Black "Hossa"]
[Result "0-1"]
[WhiteElo "2356"]
[BlackElo "2289"]
[PlyCount "112"]
[EventDate "2001.??.??"]

1. c4 e5 2. g3 Nf6 3. Nc3 d5 4. cxd5 Nxd5 5. Bg2 Nb6 6. Nf3 Nc6 7. O-O Be7 8.
a3 O-O 9. b4 a6 10. d3 Bf5 11. Be3 Nc8 12. d4 exd4 13. Nxd4 Nxd4 14. Bxd4 c6
15. Be5 Nb6 16. Qxd8 Bxd8 17. e4 Be6 18. Bd4 Bc7 19. Rfd1 Rfd8 20. Ne2 a5 21.
Bc3 Rxd1+ 22. Rxd1 axb4 23. axb4 Nc4 24. Nd4 Bg4 25. Ra1 Rxa1+ 26. Bxa1 Bb6 27.
Nb3 Bd1 28. Nc5 Bxc5 29. bxc5 Nd2 30. Bc3 Nf3+ 31. Bxf3 Bxf3 32. e5 Kf8 33. Kf1
Ke7 34. Ke1 Ke6 35. Kd2 Kd5 36. Ke3 Bd1 37. Bd4 g5 38. f4 gxf4+ 39. gxf4 Bc2
40. Ba1 Kxc5 41. Kf3 Bf5 42. Kg3 Kd5 43. Kh4 c5 44. Kg5 Ke6 45. h4 b5 46. Bc3
b4 47. Bd2 Be4 48. Kh6 Kd5 49. Kg5 Kd4 50. f5 b3 51. Bc1 c4 52. e6 f6+ 53. Kxf6
c3 54. e7 Bc6 55. Bf4 b2 56. Be5+ Kc4 {PostModernist resigns} 0-1

[Event "ICS rated standard match"]
[Site "204.178.125.65"]
[Date "2001.10.05"]
[Round "?"]
[White "ChesterX"]
[Black "Hossa"]
[Result "1-0"]
[WhiteElo "2486"]
[BlackElo "2308"]
[PlyCount "59"]
[EventDate "2001.??.??"]

1. e4 c5 2. Nf3 d6 3. d4 cxd4 4. Nxd4 Nf6 5. Nc3 a6 6. Be3 e5 7. Nb3 Be6 8. Qd2
Nbd7 9. f3 Be7 10. g4 h6 11. O-O-O Bxb3 12. axb3 Qa5 13. Kb1 b5 14. h4 b4 15.
Na2 Rb8 16. Bh3 Rb7 17. g5 hxg5 18. hxg5 Nh5 19. Qe1 Nc5 20. Bd2 Qb5 21. Bg4 g6
22. Nxb4 Rh7 23. Nd5 Nxb3 24. cxb3 Qd3+ 25. Ka1 Qxb3 26. Bb4 Qa4+ 27. Kb1 a5
28. Qc3 axb4 29. Qc8+ Bd8 30. Qxb7 {Hossa resigns} 1-0

[Event "ICS rated standard match"]
[Site "204.178.125.65"]
[Date "2001.10.05"]
[Round "?"]
[White "Hossa"]
[Black "ChesterX"]
[Result "0-1"]
[WhiteElo "2300"]
[BlackElo "2494"]
[PlyCount "179"]
[EventDate "2001.??.??"]

1. e4 d6 2. d4 g6 3. Nc3 Bg7 4. Nf3 Nf6 5. Bd3 O-O 6. O-O Bd7 7. Be2 Bg4 8. Be3
Nc6 9. d5 Bxf3 10. Bxf3 Ne5 11. Be2 c6 12. Qd2 cxd5 13. exd5 a6 14. Bd4 Qa5 15.
a3 Rac8 16. Rfe1 Rfd8 17. Rad1 Qc7 18. Qg5 Re8 19. Qh4 Qd7 20. Bb6 Qf5 21. Rd2
Neg4 22. Red1 Ne5 23. a4 Rxc3 24. bxc3 Ne4 25. Be3 Bf6 26. Qf4 Qxf4 27. Bxf4
Nxc3 28. Rc1 Nxa4 29. c3 Nc5 30. Rb1 b5 31. Rc2 Rc8 32. g3 Na4 33. Bxe5 Bxe5
34. c4 Kg7 35. Rb3 Bd4 36. Rd3 Bc5 37. Rdd2 b4 38. Ra2 Nc3 39. Rxa6 Ne4 40. Rb2
Bxf2+ 41. Kg2 Rb8 42. Ra4 Be1 43. Bd1 Bc3 44. Re2 f5 45. Bc2 b3 46. Bb1 b2 47.
Ra3 Be5 48. g4 Rb4 49. gxf5 gxf5 50. Rf3 Kg6 51. Rc2 Kf6 52. Rh3 Bf4 53. Re2 h6
54. Rf3 Nd2 55. Rxd2 Bxd2 56. Rxf5+ Kg7 57. Rf2 Bc1 58. Re2 Kf7 59. Rf2+ Ke8
60. Rc2 Rb3 61. Rf2 Rc3 62. Bg6+ Kd8 63. Rf8+ Kc7 64. Rf7 Rxc4 65. Bb1 Kd7 66.
Rf3 Rc5 67. Rd3 Ra5 68. Rd4 e5 69. dxe6+ Kxe6 70. Rb4 Ra1 71. Bg6 d5 72. Kf3
Ra3+ 73. Kg2 Ke5 74. Rb5 Kd6 75. Rb4 Kc5 76. Rb8 d4 77. Rc8+ Kb6 78. Bb1 d3 79.
Rd8 d2 80. Bc2 Rc3 81. Bf5 Rc8 82. Rd6+ Kc5 83. Rd7 Rg8+ 84. Kh1 Rg4 85. Bxg4
b1=Q 86. Bf3 Qf5 87. Kg2 Qxd7 88. Bd1 Qd5+ 89. Kg3 Qh1 90. Bc2 {Hossa resigns}
0-1

[Event "ICS rated blitz match"]
[Site "204.178.125.65"]
[Date "2001.10.05"]
[Round "?"]
[White "Hossa"]
[Black "hamar"]
[Result "0-1"]
[WhiteElo "2562"]
[BlackElo "2636"]
[PlyCount "145"]
[EventDate "2001.??.??"]

1. e4 e6 2. d4 d5 3. e5 c5 4. c3 Nc6 5. Nf3 Bd7 6. dxc5 Bxc5 7. b4 Bb6 8. b5
Na5 9. Be2 Qc7 10. Qa4 Ne7 11. Ba3 Nc4 12. Bxc4 Qxc4 13. Qxc4 dxc4 14. Nbd2
Bxb5 15. Rb1 Ba6 16. Ne4 Nd5 17. O-O f5 18. Nd6+ Kd7 19. Rfc1 Nf4 20. Rc2 Nd3
21. Rd2 Rhb8 22. Rbd1 Bd8 23. Rb1 b6 24. Rbd1 Be7 25. Re2 Rf8 26. Re3 Rad8 27.
Nd4 h5 28. Nf3 g5 29. Nd4 g4 30. Re2 h4 31. Nc2 h3 32. gxh3 gxh3 33. Nb4 Bxd6
34. exd6 Bb7 35. Rxd3 cxd3 36. Nxd3 Rg8+ 37. Kf1 Rg2 38. Ne5+ Kc8 39. Rd2 Ba6+
40. c4 Rxh2 41. d7+ Kc7 42. Rd4 Rh1+ 43. Ke2 h2 44. Bd6+ Kb7 45. Rh4 Rc1 46.
Rxh2 Rxc4 47. Kf3 Rd4 48. Be7 R8xd7 49. Nxd7 Rxd7 50. Rh7 Bc4 51. a3 e5 52. Kg2
Bd5+ 53. Kh2 f4 54. Rg7 Ka6 55. Kh3 e4 56. Bf6 Be6+ 57. Kh4 Rd2 58. Re7 Bd5 59.
Rd7 e3 60. f3 Bxf3 61. Re7 Bd1 62. Kh3 Rd3 63. Re8 Ba4 64. Re5 f3 65. Rxe3 Rxe3
66. Kg3 Bc6 67. Bb2 Ka5 68. Bd4 Rxa3 69. Bg1 f2+ 70. Kxf2 Ra1 71. Bh2 Ra2+ 72.
Ke3 Rxh2 73. Kf4 {Hossa resigns} 0-1

[Event "ICS rated blitz match"]
[Site "204.178.125.65"]
[Date "2001.10.05"]
[Round "?"]
[White "Hossa"]
[Black "hamar"]
[Result "0-1"]
[WhiteElo "2555"]
[BlackElo "2654"]
[PlyCount "145"]
[EventDate "2001.??.??"]

1. e4 e6 2. d4 d5 3. Nc3 Nf6 4. Bg5 Bb4 5. e5 h6 6. Bc1 Ne4 7. Qg4 Kf8 8. Nge2
c5 9. a3 Ba5 10. dxc5 Qc7 11. Qh5 d4 12. b4 dxc3 13. bxa5 Nd7 14. a6 bxa6 15.
Be3 Bb7 16. c6 Bxc6 17. Bd4 Qb7 18. Nxc3 Nxc3 19. Bxc3 Bxg2 20. Rg1 Bxf1 21.
Qg4 Rh7 22. Kxf1 Rc8 23. Rg3 Kg8 24. Kg1 Nc5 25. Re1 h5 26. Qh4 Rh6 27. Bb4 Nd7
28. Qg5 Rg6 29. Qxh5 Rxg3+ 30. hxg3 Rxc2 31. Bd6 Qb2 32. Qh4 Qb6 33. Rf1 Rc8
34. Rd1 Qb3 35. Rf1 Qc3 36. Qh5 Qd4 37. Rd1 Qe4 38. Rf1 Rc2 39. Qg5 Qa8 40. Ra1
Nb6 41. Rd1 Nd5 42. Rb1 Rc8 43. Re1 Qc6 44. Qh4 Qc3 45. Re4 Qc1+ 46. Kg2 Qc6
47. Kg1 f5 48. Re1 a5 49. Rf1 Nc3 50. Qh5 Ne4 51. Be7 Nd2 52. Ra1 Nf3+ 53. Kf1
Qd5 54. Qg6 Nxe5 55. Qh5 Ng4 56. Kg1 Nxf2 57. Rf1 Ng4 58. a4 Qd3 59. Bg5 Qxg3+
60. Kh1 Nf2+ 61. Rxf2 Qxf2 62. Qh2 Qf1+ 63. Qg1 Qf3+ 64. Qg2 Qd1+ 65. Kh2 Rc2
66. Be3 Qe2 67. Qxe2 Rxe2+ 68. Kg3 Rxe3+ 69. Kf2 f4 70. Kg1 Re2 71. Kf1 f3 72.
Kg1 g5 73. Kh1 {Hossa resigns} 0-1

[Event "ICS rated blitz match"]
[Site "204.178.125.65"]
[Date "2001.10.05"]
[Round "?"]
[White "hamar"]
[Black "Hossa"]
[Result "1-0"]
[WhiteElo "2666"]
[BlackElo "2543"]
[PlyCount "113"]
[EventDate "2001.??.??"]

1. e4 e6 2. d4 d5 3. Nc3 Bb4 4. e5 c5 5. a3 Bxc3+ 6. bxc3 Ne7 7. Qg4 Qc7 8.
Qxg7 Rg8 9. Qxh7 cxd4 10. Ne2 Nbc6 11. f4 Bd7 12. Qd3 dxc3 13. Nxc3 Na5 14. Nb5
Bxb5 15. Qxb5+ Nac6 16. Rb1 b6 17. c4 Rd8 18. c5 Rb8 19. Rb2 bxc5 20. Qxc5 Rxb2
21. Bxb2 Qb7 22. Qc1 Nf5 23. g3 Rh8 24. Bg2 Ne3 25. Qxe3 Qxb2 26. O-O Nd4 27.
h3 Rg8 28. g4 a5 29. Rd1 Nb3 30. Qb6 Qc2 31. Rf1 Rg7 32. Qb8+ Kd7 33. Rf2 Qd3
34. Qb7+ Kd8 35. f5 exf5 36. e6 fxe6 37. Qxg7 Nd4 38. Kh1 Qe3 39. Rf1 Kc8 40.
Rb1 Nb3 41. gxf5 Qd3 42. Rf1 Nc5 43. fxe6 Nxe6 44. Rc1+ Kd8 45. Qb7 Qc4 46.
Rxc4 dxc4 47. Bc6 Nf8 48. Ba4 c3 49. Qf7 c2 50. Qxf8+ Kc7 51. Qc5+ Kd8 52. Qd6+
Kc8 53. Bd7+ Kb7 54. Bc6+ Ka6 55. Be4+ Ka7 56. Qc7+ Ka6 57. Bd3# {
Hossa checkmated} 1-0

[Event "ICS rated blitz match"]
[Site "204.178.125.65"]
[Date "2001.10.05"]
[Round "?"]
[White "Hossa"]
[Black "RivalChess"]
[Result "0-1"]
[WhiteElo "2532"]
[BlackElo "2393"]
[PlyCount "132"]
[EventDate "2001.??.??"]

1. e4 Nc6 2. d4 e6 3. Nc3 Bb4 4. Nf3 d5 5. Bd3 Nf6 6. Bg5 dxe4 7. Bxe4 Bd7 8.
Ne5 h6 9. Bxf6 Bxc3+ 10. bxc3 Qxf6 11. Nxd7 Kxd7 12. Rb1 Qh4 13. Qf3 f5 14.
Bxc6+ bxc6 15. O-O Rab8 16. Rbe1 Qg4 17. Qd3 f4 18. Re4 Rb2 19. Qc4 Rxc2 20. a3
Qf5 21. Re5 Qg6 22. Rc5 f3 23. g3 Qe4 24. Re5 Qg4 25. Re3 Rf8 26. Rfe1 Qh3 27.
Qxe6+ Qxe6 28. Rxe6 Rxc3 29. Re7+ Kd6 30. Rxg7 Rf6 31. Ra1 a6 32. Rg8 c5 33.
dxc5+ Kxc5 34. Rg4 Kb6 35. Rg8 c5 36. g4 Rd6 37. h4 Ka5 38. Kh2 Ka4 39. Kg3 Kb3
40. Rb8+ Ka4 41. Rab1 a5 42. R8b6 Rcd3 43. R1b3 c4 44. Rxd3 Rxd3 45. Kf4 c3 46.
Ke4 Rd1 47. Rc6 Kb3 48. Rb6+ Kxa3 49. Rc6 Kb2 50. Rb6+ Kc1 51. Kxf3 c2 52. g5
Kd2 53. Rd6+ Ke1 54. Re6+ Kf1 55. Rc6 c1=Q 56. Rxc1 Rxc1 57. Ke3 a4 58. gxh6 a3
59. h7 Rc8 60. f4 a2 61. f5 a1=Q 62. h8=B Rxh8 63. Kd3 Rxh4 64. Kc2 Rh3 65. f6
Rc3+ 66. Kd2 Qe1# {Hossa checkmated} 0-1

[Event "ICS rated blitz match"]
[Site "204.178.125.65"]
[Date "2001.10.06"]
[Round "?"]
[White "RivalChess"]
[Black "Hossa"]
[Result "0-1"]
[WhiteElo "2415"]
[BlackElo "2510"]
[PlyCount "58"]
[EventDate "2001.??.??"]

1. Nf3 Nf6 2. e3 e6 3. Be2 Be7 4. Nc3 d5 5. O-O Nc6 6. d4 Bd7 7. Bd2 O-O 8. Bd3
Nb4 9. e4 dxe4 10. Bxe4 Nxe4 11. Nxe4 Bc6 12. Bxb4 Bxe4 13. Bxe7 Qxe7 14. Re1
Bd5 15. Qd3 c5 16. dxc5 Rfd8 17. Qb5 Bxf3 18. gxf3 Rd5 19. b4 Rad8 20. Rab1
Qg5+ 21. Kf1 Qh5 22. Qxb7 Qh3+ 23. Ke2 Rd2+ 24. Ke3 Qh4 25. Qe4 Qxf2+ 26. Kf4
R2d4 27. Rb2 Qxh2+ 28. Kg4 f5+ 29. Kg5 Qh6# {RivalChess checkmated} 0-1

[Event "ICS rated blitz match"]
[Site "204.178.125.65"]
[Date "2001.10.06"]
[Round "?"]
[White "Hossa"]
[Black "RivalChess"]
[Result "1-0"]
[WhiteElo "2522"]
[BlackElo "2403"]
[PlyCount "117"]
[EventDate "2001.??.??"]

1. e4 Nc6 2. Nf3 e6 3. d4 d5 4. Bd3 dxe4 5. Bxe4 Bd6 6. Bxc6+ bxc6 7. c4 Bb4+
8. Bd2 Bxd2+ 9. Nbxd2 Bd7 10. Ne4 Nf6 11. Nc5 O-O 12. Ne5 Be8 13. O-O Qd6 14.
a3 Rb8 15. b4 Rb6 16. Re1 Qd8 17. Re3 Kh8 18. Rh3 Qd6 19. Qd2 Rb8 20. Qd3 Rd8
21. Rd1 Qe7 22. Re1 Kg8 23. Ng4 g6 24. Nh6+ Kg7 25. Qe3 Rc8 26. Nf5+ gxf5 27.
Qg5+ Kh8 28. Rxh7+ Nxh7 29. Qxe7 Rg8 30. Re3 Rg6 31. Na6 c5 32. Qxc5 f4 33.
Qe5+ Kg8 34. Qxf4 c6 35. Nc5 Nf6 36. Rg3 Rxg3 37. Qxg3+ Kh7 38. Qh4+ Kg6 39. f4
Nd7 40. Qg5+ Kh7 41. f5 exf5 42. Qxf5+ Kh8 43. Nxd7 Bxd7 44. Qxd7 Rg8 45. Qxc6
Rf8 46. Qa6 Ra8 47. Qb7 Rg8 48. Qxa7 Kg7 49. a4 Rh8 50. Qc5 Ra8 51. Qe5+ Kg8
52. d5 Kh7 53. d6 Rxa4 54. d7 f6 55. Qe7+ Kg6 56. d8=Q Kh5 57. Qh8+ Kg5 58.
Qexf6+ Kg4 59. Qh3# {RivalChess checkmated} 1-0

[Event "ICS rated blitz match"]
[Site "204.178.125.65"]
[Date "2001.10.06"]
[Round "?"]
[White "RivalChess"]
[Black "Hossa"]
[Result "0-1"]
[WhiteElo "2392"]
[BlackElo "2533"]
[PlyCount "58"]
[EventDate "2001.??.??"]

1. Nf3 Nf6 2. e3 e6 3. Bd3 d5 4. O-O Bd6 5. Nc3 c6 6. e4 Nbd7 7. Qe2 Qc7 8.
exd5 Nxd5 9. Nxd5 cxd5 10. Re1 O-O 11. b3 e5 12. Bb2 e4 13. Bxe4 dxe4 14. Qxe4
Rd8 15. Qh4 Nf8 16. d4 Ng6 17. Qe4 Qe7 18. Qd3 Nf4 19. Qd2 Qf6 20. Kh1 Nxg2 21.
Kxg2 Bh3+ 22. Kxh3 Qxf3+ 23. Kh4 f5 24. Qg5 Qxf2+ 25. Kh5 g6+ 26. Qxg6+ hxg6+
27. Kxg6 Qg2+ 28. Kh5 Qg4+ 29. Kh6 Bf4# {RivalChess checkmated} 0-1

[Event "ICS rated blitz match"]
[Site "204.178.125.65"]
[Date "2001.10.06"]
[Round "?"]
[White "Hossa"]
[Black "LinuxKnight"]
[Result "1-0"]
[WhiteElo "2561"]
[BlackElo "2688"]
[PlyCount "175"]
[EventDate "2001.??.??"]

1. e4 e6 2. d4 d5 3. Nc3 Bb4 4. e5 c5 5. a3 Bxc3+ 6. bxc3 Ne7 7. Qg4 cxd4 8.
cxd4 Qc7 9. Kd1 Nf5 10. Bd2 h5 11. Qf4 b6 12. Bd3 g6 13. Bxf5 exf5 14. Nf3 Be6
15. Qg5 Nd7 16. Bb4 Qd8 17. Qd2 a5 18. Bd6 Nf6 19. Ng5 Ne4 20. Nxe4 fxe4 21.
Rb1 h4 22. Qe2 Bd7 23. f3 Qc8 24. Kd2 Qc6 25. fxe4 Rc8 26. c4 dxc4 27. Qf3 c3+
28. Kc1 f5 29. d5 Qc4 30. Qe3 c2 31. Rxb6 f4 32. Qd2 Qxe4 33. e6 Qe3 34. exd7+
Kxd7 35. Qxe3 fxe3 36. Bf4 Rh5 37. Rd6+ Ke7 38. Re1 Rc3 39. Re6+ Kd7 40. R6xe3
Rxe3 41. Bxe3 Kd6 42. Kxc2 Kxd5 43. Kb3 h3 44. g4 Rh4 45. Rg1 Rh7 46. Ka4 Rc7
47. Kxa5 Rc2 48. Bf4 Rg2 49. Rd1+ Ke4 50. Bg3 g5 51. Kb4 Rb2+ 52. Kc3 Rg2 53.
Rf1 Ra2 54. Kb3 Rd2 55. Rf5 Rd3+ 56. Kb4 Rd4+ 57. Ka5 Kd3 58. Rxg5 Kc2 59. Be5
Re4 60. Bd6 Rd4 61. Rg6 Rd2 62. Rh6 Rd4 63. a4 Rxg4 64. Rxh3 Rd4 65. Rc3+ Kd2
66. Bb4 Ke2 67. Bc5 Rd1 68. h4 Rh1 69. Re3+ Kd2 70. Re4 Rb1 71. Rb4 Re1 72.
Rd4+ Kc2 73. Kb5 Rb1+ 74. Rb4 Rd1 75. a5 Rd8 76. a6 Kc3 77. a7 Ra8 78. Kc6 Rg8
79. Rb8 Rg6+ 80. Kb5 Rg4 81. a8=Q Rxh4 82. Qf3+ Kc2 83. Qe2+ Kb3 84. Qd3+ Kb2
85. Bd4+ Rxd4 86. Kc5+ Rb4 87. Rxb4+ Kc1 88. Rb1# {LinuxKnight checkmated} 1-0

[Event "ICS rated blitz match"]
[Site "204.178.125.65"]
[Date "2001.10.06"]
[Round "?"]
[White "LinuxKnight"]
[Black "Hossa"]
[Result "1/2-1/2"]
[WhiteElo "2666"]
[BlackElo "2583"]
[PlyCount "68"]
[EventDate "2001.??.??"]

1. e4 c5 2. Nf3 d6 3. d4 cxd4 4. Nxd4 Nf6 5. Nc3 a6 6. Bg5 e6 7. f4 Qb6 8. Qd2
Qxb2 9. Rb1 Qa3 10. f5 Nc6 11. fxe6 fxe6 12. Nxc6 bxc6 13. e5 dxe5 14. Bxf6
gxf6 15. Ne4 Qxa2 16. Rd1 Be7 17. Be2 O-O 18. O-O Ra7 19. Qh6 Rd7 20. Nxf6+
Rxf6 21. Rxf6 Rxd1+ 22. Bxd1 Bxf6 23. Qxf6 Qa1 24. Qd8+ Kf7 25. c3 a5 26. Kf2
Qb2+ 27. Be2 Ba6 28. Qd7+ Kf6 29. Qd8+ Kf5 30. Qf8+ Kg6 31. Qg8+ Kf6 32. Qf8+
Kg6 33. Qg8+ Kf6 34. Qf8+ Kg6 {Game drawn by repetition} 1/2-1/2

[Event "ICS rated blitz match"]
[Site "204.178.125.65"]
[Date "2001.10.06"]
[Round "?"]
[White "Mefisto5000"]
[Black "Hossa"]
[Result "0-1"]
[WhiteElo "2003"]
[BlackElo "2587"]
[PlyCount "44"]
[EventDate "2001.??.??"]

1. d4 b6 2. e4 Bb7 3. Nc3 e6 4. a3 d5 5. exd5 exd5 6. Nf3 Bd6 7. Bg5 Ne7 8. Bd3
c6 9. Qd2 O-O 10. O-O-O b5 11. h4 Nd7 12. h5 Qc7 13. g4 a5 14. Ne2 Rfe8 15. h6
g6 16. Nh4 Nb6 17. b3 Bxa3+ 18. Kb1 a4 19. b4 Nc4 20. Bxc4 dxc4 21. Ka2 Bxb4
22. Qxb4 Nd5 {Mefisto5000 resigns} 0-1

[Event "ICS rated blitz match"]
[Site "204.178.125.65"]
[Date "2001.10.06"]
[Round "?"]
[White "Hossa"]
[Black "nyul"]
[Result "1/2-1/2"]
[WhiteElo "2588"]
[BlackElo "2047"]
[PlyCount "205"]
[EventDate "2001.??.??"]

1. e4 e5 2. Nf3 Nc6 3. Nc3 Nf6 4. d4 exd4 5. Nxd4 Bb4 6. Nxc6 Bxc3+ 7. bxc3
bxc6 8. Bd3 d6 9. Qf3 O-O 10. Bg5 h6 11. Bxf6 Qxf6 12. Qxf6 gxf6 13. Kd2 Be6
14. c4 c5 15. Rab1 Rfb8 16. Rb3 Rb6 17. Rhb1 Rab8 18. a4 Rxb3 19. cxb3 a5 20.
Kc3 Kf8 21. Rd1 Ke7 22. f4 Rg8 23. g3 Bd7 24. Re1 Re8 25. Re3 Kf8 26. Kd2 Bc6
27. g4 Kg7 28. Re1 Bd7 29. h3 Rh8 30. Rg1 Kf8 31. Be2 Bc6 32. Ke3 Ke7 33. Rd1
Bd7 34. Rd5 Kf8 35. Bf3 Kg7 36. Rd2 Re8 37. Kd3 Kh7 38. h4 Rg8 39. Rg2 Bc8 40.
Kd2 Bd7 41. Ke3 Bc8 42. Kf2 Bd7 43. Bd1 Bc8 44. Kf3 Bb7 45. Bc2 Kh8 46. Bb1 Bc6
47. Bd3 Bb7 48. Rg3 Bc6 49. h5 Bb7 50. Rg2 Bc6 51. Rd2 Bd7 52. f5 Re8 53. Rd1
Kg7 54. Rb1 Bc6 55. Rg1 Rb8 56. Bc2 Re8 57. Re1 Re7 58. Kf4 Re8 59. Bd1 Re7 60.
Bf3 Bd7 61. Rd1 Bc6 62. Rd2 Bb7 63. Bg2 Bc6 64. Rc2 Bb7 65. Bf3 Bc6 66. Rf2 Bb7
67. Rd2 Bc6 68. Bh1 Bb7 69. Rd3 Bc6 70. Bf3 Bb7 71. Re3 Bc6 72. Re2 Bb7 73. Ke3
Bc6 74. Re1 Bb7 75. Kf4 Bc6 76. Rb1 Bb7 77. Rg1 Bc6 78. Ke3 Bb7 79. Rc1 Bc6 80.
Rc2 Bb7 81. Rd2 Bc6 82. Rd1 Bb7 83. Rd3 Bc6 84. Rd2 Bb7 85. Kd3 Re5 86. Ke3 Bc6
87. Rd3 Bb7 88. Kf4 Bc6 89. Rc3 Bb7 90. Rc2 Bc6 91. Rc1 Bb7 92. Ke3 Bc6 93. Rd1
Bb7 94. Kd3 Bc6 95. Rc1 Bb7 96. Re1 Bc6 97. Ke3 Bb7 98. Rf1 Bc6 99. Kf4 Bb7
100. Rd1 Bc6 101. Rh1 Bb7 102. Rg1 Bc6 103. Ke3 {Game drawn by the 50 move rule
} 1/2-1/2

[Event "ICS rated blitz match"]
[Site "204.178.125.65"]
[Date "2001.10.06"]
[Round "?"]
[White "nyul"]
[Black "Hossa"]
[Result "1/2-1/2"]
[WhiteElo "2062"]
[BlackElo "2573"]
[PlyCount "100"]
[EventDate "2001.??.??"]

1. e4 c5 2. c4 Nc6 3. d3 d6 4. Nc3 Nf6 5. Nf3 e5 6. Be2 Be7 7. O-O O-O 8. h3
Bd7 9. b3 Nd4 10. Nh2 Ne8 11. f4 Bh4 12. f5 Nc7 13. Nf3 a5 14. a4 Bg3 15. Be3
Qe7 16. Rb1 Bc6 17. Qd2 f6 18. Bd1 Qf7 19. Ne2 Nxe2+ 20. Bxe2 Qe7 21. Nh2 Na6
22. Rf3 Bh4 23. g3 Bg5 24. h4 Bxe3+ 25. Qxe3 Nb4 26. Rb2 Be8 27. g4 Nc6 28. Rg3
Nd4 29. Bd1 Bc6 30. Rbg2 Qc7 31. g5 Nxf5 32. exf5 Bxg2 33. Rxg2 fxg5 34. Qxg5
Kh8 35. Bf3 Qd7 36. Be4 Rf7 37. Ng4 Raf8 38. Ne3 h6 39. Qh5 b6 40. Rg6 Qc8 41.
Ng4 Rxf5 42. Rxh6+ gxh6 43. Qxh6+ Kg8 44. Qg6+ Kh8 45. Qh6+ Kg8 46. Qg6+ Kh8
47. Qh6+ Kg8 48. Qg6+ Kh8 49. Qh6+ Kg8 50. Qg6+ Kh8 {Game drawn by repetition}
1/2-1/2

[Event "ICS rated blitz match"]
[Site "204.178.125.65"]
[Date "2001.10.06"]
[Round "?"]
[White "Hossa"]
[Black "Mogelix"]
[Result "1-0"]
[WhiteElo "2559"]
[BlackElo "2431"]
[PlyCount "75"]
[EventDate "2001.??.??"]

1. e4 d6 2. d4 c5 3. dxc5 Qa5+ 4. Nc3 Qxc5 5. Be3 Qc7 6. Nf3 e6 7. Bd3 a6 8.
O-O Nf6 9. Bf4 e5 10. Bg5 Be6 11. Bxf6 gxf6 12. Nd5 Bxd5 13. exd5 Nd7 14. c4
O-O-O 15. Nh4 Kb8 16. Nf5 Nc5 17. b4 Nxd3 18. Qxd3 Rg8 19. Rac1 Qd7 20. f4 Rg4
21. fxe5 fxe5 22. Qh3 Rg6 23. Qxh7 Rc8 24. g3 a5 25. bxa5 Qc7 26. a6 bxa6 27.
Rb1+ Ka8 28. Rf3 Qc5+ 29. Kh1 Qxc4 30. Qxf7 Qc7 31. Qxg6 e4 32. Ra3 Qa7 33. Qe6
Rb8 34. Rxb8+ Kxb8 35. Qe8+ Kb7 36. Qc6+ Kb8 37. Rb3+ Qb7 38. Qxb7# {
Mogelix checkmated} 1-0

[Event "ICS rated blitz match"]
[Site "204.178.125.65"]
[Date "2001.10.06"]
[Round "?"]
[White "Mogelix"]
[Black "Hossa"]
[Result "0-1"]
[WhiteElo "2421"]
[BlackElo "2569"]
[PlyCount "40"]
[EventDate "2001.??.??"]

1. e4 e6 2. d4 d5 3. Nd2 c5 4. Ngf3 cxd4 5. Nxd4 e5 6. Bb5+ Bd7 7. Bxd7+ Qxd7
8. N4b3 dxe4 9. O-O f5 10. Qe2 Nc6 11. f3 exf3 12. Nxf3 Bd6 13. Bf4 O-O-O 14.
Bxe5 Re8 15. Rad1 Nxe5 16. Nxe5 Rxe5 17. Qd3 Kc7 18. Nd4 Nh6 19. Kh1 Rd8 20. c3
Kb8 {Mogelix resigns} 0-1

[Event "ICS rated blitz match"]
[Site "204.178.125.65"]
[Date "2001.10.06"]
[Round "?"]
[White "Venegas2001"]
[Black "Hossa"]
[Result "0-1"]
[WhiteElo "2002"]
[BlackElo "2579"]
[PlyCount "120"]
[EventDate "2001.??.??"]

1. d4 b6 2. c4 e6 3. Nf3 Nf6 4. g3 Ba6 5. b3 d5 6. Qc2 Nc6 7. Bb2 Bb4+ 8. Nbd2
Bxd2+ 9. Nxd2 dxc4 10. Nxc4 Nxd4 11. Qd3 Bb7 12. Rg1 c5 13. O-O-O Be4 14. Qd2
b5 15. Ne5 Qd6 16. f3 Qxe5 17. fxe4 Nxe4 18. Bxd4 cxd4 19. Qxd4 Rc8+ 20. Kb2
Qxd4+ 21. Rxd4 Nc3 22. Rd3 b4 23. Rg2 Ke7 24. a3 bxa3+ 25. Kxa3 a5 26. e3 Rhd8
27. Rc2 Nb5+ 28. Kb2 Rxc2+ 29. Kxc2 Rc8+ 30. Kb2 Rc5 31. Rd4 Nxd4 32. exd4 Rf5
33. Bc4 Rf2+ 34. Ka3 Rxh2 35. Ka4 Rg2 36. Kxa5 Rxg3 37. b4 Rg4 38. b5 Rxd4 39.
Bb3 Kd6 40. b6 Kc5 41. Ba4 Rxa4+ 42. Kxa4 Kxb6 43. Kb3 h5 44. Kc3 h4 45. Kd3 h3
46. Ke3 h2 47. Kf3 h1=Q+ 48. Kg4 Qe4+ 49. Kg3 Qe3+ 50. Kg2 Qe2+ 51. Kg3 g5 52.
Kh3 Qf2 53. Kg4 Qg2+ 54. Kh5 Qh3+ 55. Kxg5 Qg3+ 56. Kf6 Kc7 57. Kxf7 Qg5 58.
Kxe6 Kc6 59. Kf7 Kd6 60. Ke8 Qg8# {Venegas2001 checkmated} 0-1

[Event "ICS rated blitz match"]
[Site "204.178.125.65"]
[Date "2001.10.06"]
[Round "?"]
[White "Hossa"]
[Black "JCSuperstar"]
[Result "1-0"]
[WhiteElo "2580"]
[BlackElo "2461"]
[PlyCount "82"]
[EventDate "2001.??.??"]

1. e4 c5 2. Nf3 d6 3. d4 cxd4 4. Nxd4 Nf6 5. Nc3 a6 6. Be3 e5 7. Nb3 Be6 8. Qd2
Be7 9. f3 Nbd7 10. Bd3 Nc5 11. Nxc5 dxc5 12. Qf2 Qc7 13. O-O-O b5 14. Be2 O-O
15. g4 Rfd8 16. g5 Nh5 17. Qh4 Nf4 18. Bxf4 exf4 19. Nd5 Bxd5 20. Rxd5 Rxd5 21.
exd5 c4 22. Rd1 Rd8 23. Qe1 Bc5 24. Kb1 Qe5 25. Qa5 Rxd5 26. Rxd5 Qxd5 27. h4
Qd6 28. Qe1 Qd4 29. a4 Qe3 30. c3 Be7 31. Qd1 Qf2 32. axb5 axb5 33. Qd7 Qe1+
34. Bd1 Bf8 35. Kc1 Qe3+ 36. Kb1 Qe5 37. Kc2 Qc5 38. Kd2 g6 39. Qe8 Qd5+ 40.
Ke1 Kg7 41. Qe4 Qd4 {JCSuperstar resigns} 1-0

[Event "ICS rated blitz match"]
[Site "204.178.125.65"]
[Date "2001.10.06"]
[Round "?"]
[White "Hossa"]
[Black "Saitek"]
[Result "0-1"]
[WhiteElo "2591"]
[BlackElo "2712"]
[PlyCount "122"]
[EventDate "2001.??.??"]

1. e4 e5 2. Nf3 Nc6 3. d4 exd4 4. Nxd4 Qf6 5. Nb5 Bc5 6. f3 Qd8 7. Qd5 d6 8.
Qg5 g6 9. Qxd8+ Kxd8 10. a4 a6 11. N5c3 Nd4 12. Bd3 Be6 13. Nd5 f5 14. b4 fxe4
15. fxe4 Ba7 16. c3 Nb3 17. Bg5+ Kd7 18. Ra3 h6 19. Bf4 Re8 20. c4 c6 21. Ndc3
Nd4 22. Bg3 Nf6 23. Bf2 Ng4 24. Nd1 Nxf2 25. Nxf2 Bxc4 26. Bxc4 Nc2+ 27. Ke2
Rhf8 28. Nd1 Rxe4+ 29. Kd3 Nxa3 30. Nxa3 d5 31. Bb3 Rg4 32. Nc2 Rxg2 33. Nce3
Rf3 34. Rf1 Rxf1 35. Nxf1 Rg4 36. b5 axb5 37. axb5 Bg1 38. bxc6+ bxc6 39. Bc2
c5 40. Nde3 Bxe3 41. Kxe3 Rg2 42. Bb1 g5 43. Bd3 c4 44. Kf3 Rb2 45. Bg6 c3 46.
Ke3 c2 47. Kd2 Rb1 48. Bxc2 Rxf1 49. Ke2 Rf8 50. Bd3 Kd6 51. Ke1 Kc5 52. Ke2
Kd4 53. Bc2 Kc3 54. Bd1 d4 55. Ke1 d3 56. h3 Kd4 57. Bg4 Ke3 58. h4 Rf4 59. Bh3
d2+ 60. Kd1 Rc4 61. hxg5 Rc1# {Hossa checkmated} 0-1